Los mineros de ayer, los indígenas de hoy: la agenda nacionalista en Bolivia y el dilema de la diferencia /

Gardado en:
Detalles Bibliográficos
Autor Principal: Salazar de la Torre, Cecilia
Formato: Texto
Etiquetas: Engadir etiqueta
Sen Etiquetas, Sexa o primeiro en etiquetar este rexistro!

MARC

LEADER 00000 a a2200000 04500
001 48634
003
040
100 |a Salazar de la Torre, Cecilia  
245 |a Los mineros de ayer, los indígenas de hoy:   |b la agenda nacionalista en Bolivia y el dilema de la diferencia /  |c Cecilia Salazar de la Torre  
773 |g páginas 47-64  
999 |c 21170  |d 21170